Violencia en acto. Conferencias en Buenos Aires

保存先:
書誌詳細
第一著者: Zizek, Slavoj (著者)
その他の著者: Willson, Patricia (traductora)
フォーマット: 図書
言語:スペイン語
出版事項: Buenos Aires Paidos 2004
版:1a. ed
シリーズ:Espacios del Saber, 42
主題:
タグ: タグ追加
タグなし, このレコードへの初めてのタグを付けませんか!

MARC

LEADER 00000cam a2200000 a 4500
001 UCI1669
003 CL-VaPUC
005 20211104124629.0
008 070713e20040000AG |||||||||||||||||spa|d
999 |c 326433  |d 326431 
020 |a 9501265420 
040 |c Pontificia Universidad Católica de Valparaíso 
082 0 4 |a 197  |b ZIZ  |2 21 
100 0 |a Zizek, Slavoj  |e author  |9 522307 
245 1 0 |a Violencia en acto. Conferencias en Buenos Aires 
250 |a 1a. ed 
260 |a Buenos Aires  |b Paidos  |c 2004 
300 |a 235 p 
490 0 |a Espacios del Saber, 42 
583 |a last modification  |c 20131028 04:40:18  |k Rodrigo Vera 
650 7 |a FILOSOFOS ESLOVENOS  |2 CL-VaPUC  |9 522308 
650 0 |a Filosofía contemporánea  |9 265372 
700 1 |a Willson, Patricia  |e traductora  |9 864054 
942 |c BK  |2 ddc 
945 |d 20070713 00:00:00  |a rbrito 
952 |0 0  |1 0  |4 0  |6 197_000000000000000_ZIZ_2004  |7 0  |8 A  |9 408313  |a BIBCUR  |b BIBCUR  |d 2019-11-22  |i 435690K  |o 197 ZIZ 2004  |p 435690K  |r 2025-04-22  |w 2019-11-22  |y BK  |k MGC 
952 |0 0  |1 0  |3 erb  |4 0  |6 197_000000000000000_ZIZ_2004  |7 0  |8 R  |9 408314  |a BIBEDU  |b BIBEDU  |c MCIRC  |d 2019-11-22  |i 5019931  |o 197 ZIZ 2004  |p 5019931  |r 2023-01-13  |w 2019-11-22  |y BK_R  |z Catalogado en:20131018  |k PSI